Introduction to languages and the theory of computation (Record no. 170385)

MARC details
000 -LEADER
fixed length control field 00432nam a2200157Ia 4500
008 - FIXED-LENGTH DATA ELEMENTS--GENERAL INFORMATION
fixed length control field 231217s9999 xx 000 0 und d
041 ## - LANGUAGE CODE
Language code of text/sound track or separate title English
082 ## - DEWEY DECIMAL CLASSIFICATION NUMBER
Classification number 001.6424 MAR;5
100 ## - MAIN ENTRY--PERSONAL NAME
Personal name Martin, John C
245 #0 - TITLE STATEMENT
Title Introduction to languages and the theory of computation
250 ## - EDITION STATEMENT
Edition statement 3rd ed
260 ## - PUBLICATION, DISTRIBUTION, ETC.
Date of publication, distribution, etc. 2003
Name of publisher, distributor, etc. Tata McGraw-Hill
Place of publication, distribution, etc. New Delhi
300 ## - PHYSICAL DESCRIPTION
Extent xiii+543
650 ## - SUBJECT ADDED ENTRY--TOPICAL TERM
Topical term or geographic name entry element languages,theory,computation
942 ## - ADDED ENTRY ELEMENTS (KOHA)
Koha item type Books
Holdings
Date last seen Total checkouts Full call number Accession number Cost, total (INR) price Price effective from Category Lost status Damaged status Department Withdrawn status Home library Current library Shelving location Entry date Vendor Cost, normal purchase price Grants Billnumber Billdate Currency symbol Conversion rate Discount Old discount Total renewals Date last checked out
26/01/2024   001.6424 MAR;5 24675 191.25 26/01/2024 Books     Central Library   Central Library Central Library Central Library 01/01/2004 Sai Books 225.00 CS 234 11/04/2005 RS 1 33.75 15    
26/01/2024   001.6424 MAR;6 R1 24676 191.25 26/01/2024 Books     Central Library   Central Library Central Library Central Library 01/01/2004 Sai Books 225.00 CS 234 11/04/2005 RS 1 33.75 15    
26/01/2024   001.6424 MAR 30352   26/01/2024 Books     Central Library   Central Library Central Library Central Library 08/10/2004 Publisher   CS   19/02/2007 RS 1        
26/01/2024   001.6424 MAR;7 42640 185.65 26/01/2024 Books     Central Library   Central Library Central Library Central Library 19/08/2006 Sapna Book House 235.00 CS/PG 35931 13/08/2008 RS 1 49.35 21    
03/05/2024 1 001.6424 MAR;8 42641 185.65 26/01/2024 Books     CS   Central Library Central Library Central Library 19/08/2006 Sapna Book House 235.00 CS/PG 35931 13/08/2008 RS 1 49.35 21 1 03/04/2024

© For any Suggestions or Query, please contact the library staff @ librarian@pes.edu or Phone: +9180 2672 1983/ 2108.